| 000 | 01197nam a22002777a 4500 | ||
|---|---|---|---|
| 999 |
_c22389 _d22389 |
||
| 003 | AR-CdUCM | ||
| 008 | 190311b ||||| |||| 00| 0 spa d | ||
| 020 | _a9786124272097 | ||
| 040 |
_aMUNICIPALIDAD PROVINCIAL DEL CUSCO _cBIBLIOTECA MUNICIPAL DEL CUSCO |
||
| 082 |
_a909/H22 _bH22 |
||
| 100 |
_aHarari, Yuval Noah _947997 |
||
| 245 |
_aSapiens, de animales a dioses : _bUna breve historia de la humanidad / _cYuval Noah Harari ; traducción de Joandomènec Ros. |
||
| 260 |
_aLima : _bDebate, _c2020. |
||
| 300 |
_a492 páginas, 1 página sin numerar. : _bilustraciones ; _c23 cm. |
||
| 500 |
_aTraducción de: From animals into gods: a brief history of humankind. _zIncluye referencias bibliográficas e índice. |
||
| 505 | _aContenido: La revolución cognitiva -- La revolución agrícola -- La unificación de la humanidad -- La revolución científica. | ||
| 650 |
_aCivilización _91048 |
||
| 650 |
_aHistoria _947998 |
||
| 650 |
_aSeres humanos _921798 |
||
| 650 |
_aTecnología y civilización _94578 |
||
| 650 |
_aCronología histórica _947999 |
||
| 650 |
_aHistoria universal _91423 |
||
| 700 |
_aRos, Joandomènec _etraductor _948000 |
||
| 942 |
_2ddc _cLIBROS |
||
| 945 | _aRoel | ||